[Event "3. Open de Calviá 2006 Aficionados"]
[Site "Calvia ESP"]
[Date "2006.10.14"]
[Round "4.16"]
[White "Martin Rodriguez, Emilio"]
[Black "Astorga Talavera, Juan Manuel"]
[Result "1-0"]
[WhiteElo "2130"]
[BlackElo "1974"]
[PlyCount "79"]
[EventDate "2006.10.20"]
[EventType "swiss"]
[EventRounds "9"]
[EventCountry "ESP"]
[Source "lmi"]
[SourceDate "2006.10.20"]

1. d4 d5 2. c4 e6 3. Nf3 Nf6 4. Nc3 c6 5. cxd5 exd5 6. Qc2 Bd6 7. Bg5 Be6 8. e3
Nbd7 9. Bd3 a6 10. O-O Qc7 11. Bf5 O-O 12. Rac1 Rae8 13. a3 Qb8 14. Rfe1 g6 15.
Bxe6 fxe6 16. e4 Bf4 17. Bxf4 Qxf4 18. e5 Nh5 19. Qd2 h6 20. a4 g5 21. Ne2 Qxd2
22. Nxd2 Nf4 23. Rc3 Nxe2+ 24. Rxe2 Rf7 25. a5 Nf8 26. Nb3 Ng6 27. Nc5 Rc7 28.
Rb3 Ree7 29. Ree3 Nh4 30. Rb4 Nf5 31. Reb3 g4 32. Kf1 Kf8 33. Ke2 h5 34. Kd3
Nh4 35. Rxb7 Rxb7 36. Rxb7 Nxg2 37. Rxe7 Kxe7 38. Nxa6 Kd8 39. Nc5 Nh4 40. a6
1-0

[Event "3. Open de Calviá 2006 Aficionados"]
[Site "Calvia ESP"]
[Date "2006.10.14"]
[Round "4.19"]
[White "Veras Sanz, Jose Antonio"]
[Black "Castell Cantero, Salvador"]
[Result "1/2-1/2"]
[WhiteElo "1663"]
[BlackElo "2111"]
[PlyCount "65"]
[EventDate "2006.10.20"]
[EventType "swiss"]
[EventRounds "9"]
[EventCountry "ESP"]
[Source "lmi"]
[SourceDate "2006.10.20"]

1. Nf3 Nf6 2. g3 g6 3. Bg2 Bg7 4. O-O O-O 5. d3 d6 6. e4 c6 7. Nc3 Nbd7 8. Bd2
b5 9. a3 Bb7 10. Qc1 Qb6 11. Bh6 a5 12. Bxg7 Kxg7 13. Qe3 Qxe3 14. fxe3 Nb6 15.
e5 Ng4 16. exd6 exd6 17. Rfe1 Rae8 18. Ne4 Nc8 19. h3 f5 20. Nxd6 Nxd6 21. hxg4
fxg4 22. Nd4 Nf5 23. Nxf5+ gxf5 24. b4 a4 25. c4 bxc4 26. dxc4 Rf7 27. c5 Rfe7
28. Kf2 Re6 29. Rad1 Ba6 30. Rd6 Bb5 31. Rxe6 Rxe6 32. Rd1 Kf7 33. Rd7+ 1/2-1/2

[Event "3. Open de Calviá 2006 Aficionados"]
[Site "Calvia ESP"]
[Date "2006.10.14"]
[Round "4.20"]
[White "Niculae, Alexandru"]
[Black "Moreno Garcia, Alfonso"]
[Result "1-0"]
[WhiteElo "2110"]
[BlackElo "1988"]
[PlyCount "61"]
[EventDate "2006.10.20"]
[EventType "swiss"]
[EventRounds "9"]
[EventCountry "ESP"]
[Source "lmi"]
[SourceDate "2006.10.20"]

1. d4 Nf6 2. c4 g6 3. Nc3 Bg7 4. e4 d6 5. Be2 O-O 6. f4 c5 7. d5 e6 8. dxe6
fxe6 9. Nf3 Nc6 10. O-O a6 11. Kh1 Qc7 12. Qe1 Nd4 13. Bd3 Nxf3 14. Rxf3 Bd7
15. Qh4 b5 16. f5 exf5 17. exf5 b4 18. Ne2 Bxf5 19. Bxf5 gxf5 20. Ng3 Rae8 21.
Nxf5 Nd7 22. Nxg7 Rxf3 23. gxf3 Kxg7 24. Bh6+ Kf7 25. Qh5+ Ke7 26. Bg5+ Kf8 27.
Qxh7 Re6 28. Bh6+ Ke8 29. Rg1 Kd8 30. Rg8+ Re8 31. Bg5+ 1-0

[Event "3. Open de Calviá 2006 Aficionados"]
[Site "Calvia ESP"]
[Date "2006.10.15"]
[Round "5.2"]
[White "Tattersall, Lester"]
[Black "Fokin, Sergey"]
[Result "1/2-1/2"]
[WhiteElo "2254"]
[BlackElo "2157"]
[PlyCount "136"]
[EventDate "2006.10.20"]
[EventType "swiss"]
[EventRounds "9"]
[EventCountry "ESP"]
[Source "lmi"]
[SourceDate "2006.10.20"]

1. e4 c5 2. Nf3 e6 3. d3 d5 4. Nbd2 Nc6 5. g3 g6 6. Bg2 Bg7 7. O-O Nge7 8. Re1
b6 9. Nf1 Bb7 10. e5 Qc7 11. Bf4 h6 12. h4 g5 13. hxg5 hxg5 14. Bxg5 Nxe5 15.
c3 d4 16. Nxe5 Bxg2 17. Kxg2 Bxe5 18. Qf3 Rc8 19. Bf6 Bxf6 20. Qxf6 Rg8 21.
cxd4 Qc6+ 22. f3 Nd5 23. Qh6 cxd4 24. Rac1 Qd7 25. Rxc8+ Qxc8 26. Rc1 Qd7 27.
Qh7 Rf8 28. Qe4 f5 29. Qxd4 f4 30. Qe4 fxg3 31. d4 Qf7 32. Rc8+ Kd7 33. Rxf8
Qxf8 34. Ne3 Nxe3+ 35. Qxe3 Qd6 36. a3 a5 37. Qe5 Qc6 38. Kxg3 Qc4 39. Qe4 Qb3
40. Qe2 b5 41. Kf4 Ke7 42. Qd2 b4 43. axb4 axb4 44. d5 Qc4+ 45. Ke5 exd5 46.
Qd4 Qe2+ 47. Kxd5 Qxf3+ 48. Kc4 b3 49. Qc3 Qe2+ 50. Kb4 Kf8 51. Kxb3 Qd1+ 52.
Kb4 Ke8 53. b3 Qd6+ 54. Qc5 Qd2+ 55. Kb5 Kd7 56. Qc6+ Kd8 57. b4 Qd3+ 58. Kb6
Qd4+ 59. Qc5 Qf6+ 60. Ka7 Qg7+ 61. Ka6 Qg2 62. Qb6+ Kc8 63. Qe6+ Kc7 64. Qb6+
Kc8 65. Kb5 Qe2+ 66. Ka5 Qa2+ 67. Kb5 Qe2+ 68. Ka5 Qa2+ 1/2-1/2

[Event "3. Open de Calviá 2006 Aficionados"]
[Site "Calvia ESP"]
[Date "2006.10.15"]
[Round "5.3"]
[White "Lacrosse, Marc"]
[Black "Uribe Arteaga, Daniel"]
[Result "1-0"]
[WhiteElo "2238"]
[BlackElo "2202"]
[PlyCount "101"]
[EventDate "2006.10.20"]
[EventType "swiss"]
[EventRounds "9"]
[EventCountry "ESP"]
[Source "lmi"]
[SourceDate "2006.10.20"]

1. d4 Nf6 2. c4 e6 3. Nf3 Bb4+ 4. Bd2 c5 5. Bxb4 cxb4 6. g3 O-O 7. Bg2 d6 8.
O-O Nc6 9. a3 bxa3 10. Rxa3 e5 11. d5 Nb8 12. Nc3 Bg4 13. Nd2 Nbd7 14. h3 Bh5
15. g4 Bg6 16. e4 a6 17. Qe2 Qc7 18. Rc1 Rfc8 19. Bf1 h6 20. b4 Qd8 21. Qe3 Nh7
22. Nb3 b6 23. Rca1 Qg5 24. Rxa6 Rxa6 25. Rxa6 Qxe3 26. fxe3 Ng5 27. Nd2 h5 28.
h4 Nh7 29. gxh5 Bxh5 30. Bh3 Nhf6 31. Nb5 Bg4 32. Nxd6 Rd8 33. Kg2 Be2 34. Kf2
Bd3 35. Ra3 Bc2 36. Ke2 Nf8 37. c5 bxc5 38. bxc5 Ng6 39. Ra2 Bxe4 40. N2xe4
Nxd5 41. Rd2 Nb4 42. h5 Ne7 43. Nf5 Rxd2+ 44. Kxd2 Nec6 45. Nfd6 f6 46. Bd7 Kf8
47. Bxc6 Nxc6 48. Kc3 Ke7 49. Kc4 Ke6 50. Ne8 Kf5 51. Nxg7+ 1-0

[Event "3. Open de Calviá 2006 Aficionados"]
[Site "Calvia ESP"]
[Date "2006.10.15"]
[Round "5.4"]
[White "Hutchinson, Paul A"]
[Black "Ehsan, Ali"]
[Result "0-1"]
[WhiteElo "2178"]
[BlackElo "2236"]
[PlyCount "60"]
[EventDate "2006.10.20"]
[EventType "swiss"]
[EventRounds "9"]
[EventCountry "ESP"]
[Source "lmi"]
[SourceDate "2006.10.20"]

1. d4 Nf6 2. c4 e5 3. dxe5 Ng4 4. Nf3 Bc5 5. e3 Nc6 6. Be2 Ngxe5 7. Nbd2 O-O 8.
Ne4 Nxf3+ 9. gxf3 Be7 10. Ng3 d5 11. cxd5 Bb4+ 12. Kf1 Bh3+ 13. Kg1 Ne7 14. e4
c6 15. Qd4 Qb6 16. Qxb6 axb6 17. dxc6 Nxc6 18. Bf1 Rfd8 19. Be3 Nd4 20. Rd1 Be6
21. Kg2 Nc2 22. Rxd8+ Rxd8 23. Bxb6 Ne1+ 24. Kg1 Nxf3+ 25. Kg2 Nh4+ 26. Kg1 Rd2
27. a3 Bd6 28. b4 Bg4 29. Bg2 Rd1+ 30. Nf1 Nf3+ 0-1

[Event "3. Open de Calviá 2006 Aficionados"]
[Site "Calvia ESP"]
[Date "2006.10.15"]
[Round "5.5"]
[White "Vazquez Gonzalez, Jesus"]
[Black "Barcelo, Pedro"]
[Result "0-1"]
[WhiteElo "2185"]
[BlackElo "2261"]
[PlyCount "90"]
[EventDate "2006.10.20"]
[EventType "swiss"]
[EventRounds "9"]
[EventCountry "ESP"]
[Source "lmi"]
[SourceDate "2006.10.20"]

1. e4 e6 2. d4 d5 3. exd5 exd5 4. Bd3 Bd6 5. c3 c6 6. Ne2 Qh4 7. g3 Qh5 8. Nf4
Qxd1+ 9. Kxd1 Bg4+ 10. Kc2 Ne7 11. h3 Bf5 12. Bxf5 Nxf5 13. Re1+ Kf8 14. Nd3
Nd7 15. Bf4 Bxf4 16. Nxf4 Re8 17. Nd2 g6 18. g4 Nd6 19. f3 Kg7 20. Nd3 f6 21.
b3 Kf7 22. a4 h5 23. Rxe8 Nxe8 24. c4 hxg4 25. hxg4 Nc7 26. Kc3 Rh2 27. Rd1 g5
28. a5 Ne6 29. cxd5 cxd5 30. b4 Rh8 31. Nb3 Rc8+ 32. Kd2 Rc4 33. Rc1 b6 34. Ke3
Nb8 35. axb6 axb6 36. Nd2 Rxc1 37. Nxc1 Nc6 38. Na2 Ncxd4 39. Kd3 Ke7 40. Nc3
Kd6 41. Ne2 Nxe2 42. Kxe2 Ke5 43. Kd3 Kf4 44. b5 Ke5 45. Nb3 Nc5+ 0-1

[Event "3. Open de Calviá 2006 Aficionados"]
[Site "Calvia ESP"]
[Date "2006.10.15"]
[Round "5.6"]
[White "Diogo, Vasco"]
[Black "Martin Rodriguez, Emilio"]
[Result "1/2-1/2"]
[WhiteElo "2220"]
[BlackElo "2130"]
[PlyCount "128"]
[EventDate "2006.10.20"]
[EventType "swiss"]
[EventRounds "9"]
[EventCountry "ESP"]
[Source "lmi"]
[SourceDate "2006.10.20"]

1. e4 c6 2. d4 d5 3. e5 c5 4. dxc5 e6 5. Be3 Ne7 6. c3 Nf5 7. Bd4 Nxd4 8. cxd4
b6 9. Bb5+ Bd7 10. Bxd7+ Nxd7 11. cxb6 Qxb6 12. b3 Bb4+ 13. Ke2 O-O 14. Nf3 f6
15. exf6 Nxf6 16. a3 Bd6 17. Re1 Ne4 18. Kf1 e5 19. Ra2 Rad8 20. b4 exd4 21.
Qxd4 Qxd4 22. Nxd4 Bxh2 23. Nf3 Bf4 24. Rae2 g5 25. Kg1 Rf6 26. Nfd2 Nxd2 27.
Nxd2 g4 28. g3 Bg5 29. Nb3 d4 30. Re4 d3 31. Rxg4 Rg6 32. Rd1 Bf6 33. Rxg6+
hxg6 34. Nc5 d2 35. Ne4 Bb2 36. Rxd2 Rxd2 37. Nxd2 Bxa3 38. b5 Kf7 39. Kf1 Ke6
40. Nc4 Bb4 41. b6 axb6 42. Nxb6 g5 43. f3 Kf5 44. Nc4 Bc5 45. Ke2 Bd4 46. Ne3+
Kg6 47. Ng4 Bc3 48. Ke3 Be1 49. Nf2 Ba5 50. Nd3 Bc7 51. g4 Kf6 52. Kd4 Bb6+ 53.
Kd5 Bc7 54. Nc5 Bf4 55. Nd7+ Ke7 56. Ne5 Kf6 57. Nd3 Bg3 58. Ke4 Ke6 59. Nb4
Bh2 60. Nc6 Bg1 61. Nd8+ Ke7 62. Nc6+ Ke6 63. Nb4 Bh2 64. Nc2 Bg1 1/2-1/2

[Event "3. Open de Calviá 2006 Aficionados"]
[Site "Calvia ESP"]
[Date "2006.10.15"]
[Round "5.7"]
[White "Skorna, Ullrich"]
[Black "Fogel, Pierre"]
[Result "1-0"]
[WhiteElo "2098"]
[BlackElo "2202"]
[PlyCount "119"]
[EventDate "2006.10.20"]
[EventType "swiss"]
[EventRounds "9"]
[EventCountry "ESP"]
[Source "lmi"]
[SourceDate "2006.10.20"]

1. e4 c5 2. b3 b6 3. Bb2 Bb7 4. Qe2 Nc6 5. Nf3 d6 6. d4 cxd4 7. Nxd4 e6 8. Nxc6
Bxc6 9. Nc3 a6 10. O-O-O Qc7 11. Nd5 Bxd5 12. exd5 e5 13. f4 f6 14. g4 Be7 15.
g5 exf4 16. gxf6 Nxf6 17. Bxf6 gxf6 18. Rg1 Kf8 19. Qh5 h6 20. Qg6 Bd8 21. Re1
Qf7 22. Qf5 Rg8 23. Rxg8+ Kxg8 24. Bd3 Be7 25. Rg1+ Kh8 26. Rg6 Bf8 27. Rxf6
Qg7 28. Rg6 Qa1+ 29. Kd2 Bg7 30. Rg1 Qc3+ 31. Kd1 Qa1+ 32. Ke2 Qe5+ 33. Qxe5
dxe5 34. c4 a5 35. Rg6 Rb8 36. Kf3 Kg8 37. h4 Kf7 38. h5 Bf6 39. Rxh6 Rg8 40.
Bg6+ Ke7 41. Ke4 Bg7 42. Rh7 Kf6 43. Bf5 f3 44. Bh3 f2 45. Kf3 e4+ 46. Kxf2 Bf8
47. Ke2 Bc5 48. Rh6+ Kg5 49. Re6 Kxh5 50. Rxe4 Rf8 51. Ke1 Rf2 52. d6 Rxa2 53.
d7 Bb4+ 54. Kf1 Rd2 55. Re8 Kh4 56. d8=Q+ Rxd8 57. Rxd8 Kxh3 58. Rg8 Bc5 59.
Ke2 Kh4 60. Kd3 1-0

[Event "3. Open de Calviá 2006 Aficionados"]
[Site "Calvia ESP"]
[Date "2006.10.15"]
[Round "5.8"]
[White "Kuenitz, Michael"]
[Black "Babataeva, Indira"]
[Result "0-1"]
[WhiteElo "1816"]
[BlackElo "2194"]
[PlyCount "64"]
[EventDate "2006.10.20"]
[EventType "swiss"]
[EventRounds "9"]
[EventCountry "ESP"]
[Source "lmi"]
[SourceDate "2006.10.20"]

1. d4 Nf6 2. Nf3 g6 3. c4 Bg7 4. Nc3 d6 5. Bf4 O-O 6. e3 Nfd7 7. Be2 Nc6 8. Bg3
h6 9. O-O e5 10. d5 Ne7 11. h3 f5 12. Rb1 g5 13. Qd2 a5 14. b3 Nc5 15. Bh2 e4
16. Nd4 f4 17. f3 Bxd4 18. exd4 e3 19. Qc2 Nd7 20. a3 Nf6 21. b4 axb4 22. axb4
Bf5 23. Ne4 Qd7 24. Nxf6+ Rxf6 25. Bd3 Ra3 26. Bxf5 Nxf5 27. Qb2 Ra8 28. c5 Qb5
29. Ra1 Rxa1 30. Rxa1 Qd3 31. cxd6 Rxd6 32. Qc1 c6 0-1

[Event "3. Open de Calviá 2006 Aficionados"]
[Site "Calvia ESP"]
[Date "2006.10.15"]
[Round "5.9"]
[White "Juan Mas, Santiago"]
[Black "Van Hoolandt, Patrick"]
[Result "1/2-1/2"]
[WhiteElo "2059"]
[BlackElo "2282"]
[PlyCount "76"]
[EventDate "2006.10.20"]
[EventType "swiss"]
[EventRounds "9"]
[EventCountry "ESP"]
[Source "lmi"]
[SourceDate "2006.10.20"]

1. d4 Nf6 2. Bg5 e6 3. e4 h6 4. Bxf6 Qxf6 5. Qd2 d6 6. f4 e5 7. fxe5 Qh4+ 8.
Kd1 dxe5 9. Nf3 Bg4 10. Bb5+ c6 11. Be2 Bxf3 12. Bxf3 exd4 13. Qxd4 Be7 14. g3
Qg5 15. c3 Na6 16. Kc2 O-O 17. Nd2 Bc5 18. Qc4 Rad8 19. Rad1 Bb6 20. Nb3 Nb8
21. Rxd8 Rxd8 22. Rd1 Rxd1 23. Bxd1 Nd7 24. Qe2 Qe5 25. Qd3 Nf6 26. Bf3 Bg1 27.
Qe2 a5 28. Qg2 Ba7 29. Nc1 Qe6 30. Qe2 a4 31. Qd3 Nd7 32. Qe2 Ne5 33. b3 f5 34.
exf5 axb3+ 35. axb3 Qxf5+ 36. Be4 Qf6 37. Nd3 Nxd3 38. Bxd3 Qf2 1/2-1/2

[Event "3. Open de Calviá 2006 Aficionados"]
[Site "Calvia ESP"]
[Date "2006.10.15"]
[Round "5.10"]
[White "Kozarcanin, Sead"]
[Black "Niculae, Alexandru"]
[Result "1-0"]
[WhiteElo "2213"]
[BlackElo "2110"]
[PlyCount "75"]
[EventDate "2006.10.20"]
[EventType "swiss"]
[EventRounds "9"]
[EventCountry "ESP"]
[Source "lmi"]
[SourceDate "2006.10.20"]

1. Nf3 d5 2. d3 g6 3. g3 Bg7 4. Bg2 e5 5. Nbd2 Ne7 6. e4 dxe4 7. dxe4 O-O 8.
O-O Nbc6 9. c3 Bg4 10. h3 Bxf3 11. Qxf3 Nc8 12. Nc4 Qf6 13. Qe2 Nb6 14. Ne3 Qe6
15. Nd5 Rac8 16. a4 Ne7 17. Nxe7+ Qxe7 18. a5 Nd7 19. Be3 a6 20. Qc4 Kh8 21. h4
f5 22. exf5 gxf5 23. Bg5 Qc5 24. Qxc5 Nxc5 25. Be7 Nb3 26. Bxf8 Bxf8 27. Rad1
c6 28. Bh3 Nxa5 29. Bxf5 Re8 30. Rd7 Re7 31. Rfd1 Kg7 32. Rxe7+ Bxe7 33. Rd7
Kf6 34. Bxh7 b5 35. b4 Nc4 36. Rc7 a5 37. Rxc6+ Kg7 38. bxa5 1-0

[Event "3. Open de Calviá 2006 Aficionados"]
[Site "Calvia ESP"]
[Date "2006.10.15"]
[Round "5.11"]
[White "Ruiz Vinals, Matias"]
[Black "Pascual Genoves, Marc"]
[Result "1-0"]
[WhiteElo "2030"]
[BlackElo "2206"]
[PlyCount "83"]
[EventDate "2006.10.20"]
[EventType "swiss"]
[EventRounds "9"]
[EventCountry "ESP"]
[Source "lmi"]
[SourceDate "2006.10.20"]

1. d4 d6 2. c4 Nf6 3. Nc3 g6 4. e4 Bg7 5. f4 O-O 6. Nf3 c5 7. d5 e6 8. Be2 exd5
9. cxd5 Re8 10. Nd2 a6 11. a4 Nbd7 12. O-O Rb8 13. Kh1 Qc7 14. a5 b5 15. axb6
Nxb6 16. Qc2 Nfxd5 17. exd5 Bxc3 18. bxc3 Rxe2 19. c4 Qe7 20. Ra3 Bf5 21. Qc3
Be4 22. Rg1 Re8 23. Bb2 f6 24. Rxa6 Rxd2 25. Qxd2 Nxc4 26. Qc3 Nxb2 27. Qxb2
Bxd5 28. Qd2 Qe6 29. Rd1 Re7 30. Kg1 Kg7 31. h3 Bb3 32. Rxd6 Qf7 33. Ra1 Be6
34. Raa6 Qe8 35. Qc3 c4 36. Qd4 Kf7 37. Rd8 Qb5 38. Raa8 Qf5 39. Kh2 Kg7 40.
Qd6 Rf7 41. Rf8 Rd7 42. Rg8+ 1-0

[Event "3. Open de Calviá 2006 Aficionados"]
[Site "Calvia ESP"]
[Date "2006.10.15"]
[Round "5.14"]
[White "Moran Rodriguez, Luciano"]
[Black "Delgadillo Torrico, Felipe"]
[Result "1-0"]
[WhiteElo "2130"]
[BlackElo "2065"]
[PlyCount "43"]
[EventDate "2006.10.20"]
[EventType "swiss"]
[EventRounds "9"]
[EventCountry "ESP"]
[Source "lmi"]
[SourceDate "2006.10.20"]

1. d4 e6 2. e4 d5 3. e5 c5 4. c3 Nc6 5. Nf3 cxd4 6. cxd4 Bb4+ 7. Nc3 Nge7 8.
Bd3 Bd7 9. O-O Bxc3 10. bxc3 Na5 11. Ng5 h6 12. Qh5 g6 13. Qh3 Qc7 14. Ba3 Nc4
15. Bxe7 Kxe7 16. Qf3 Rhf8 17. Qf6+ Ke8 18. Nxf7 Rxf7 19. Bxg6 Bc8 20. Qh8+ Ke7
21. Bxf7 Bd7 22. Qf6+ 1-0

[Event "3. Open de Calviá 2006 Aficionados"]
[Site "Calvia ESP"]
[Date "2006.10.15"]
[Round "5.15"]
[White "Roig Squar, Jason"]
[Black "Luijpen, Michiel"]
[Result "0-1"]
[WhiteElo "2092"]
[BlackElo "2126"]
[PlyCount "76"]
[EventDate "2006.10.20"]
[EventType "swiss"]
[EventRounds "9"]
[EventCountry "ESP"]
[Source "lmi"]
[SourceDate "2006.10.20"]

1. d4 Nf6 2. c4 g6 3. Nc3 d5 4. Nf3 Bg7 5. Bg5 dxc4 6. e3 Be6 7. Ne5 Nd5 8.
Nxc4 c5 9. Qa4+ Nc6 10. Ne5 O-O 11. Nxc6 bxc6 12. Nxd5 Bxd5 13. Rc1 cxd4 14.
exd4 Qb6 15. Be3 Qxb2 16. f3 e5 17. dxe5 Bxe5 18. Rc2 Qb1+ 19. Kf2 a5 20. f4
Bg7 21. Rc1 Qxa2+ 22. Qxa2 Bxa2 23. Bc4 Bxc4 24. Rxc4 a4 25. Bd4 Bxd4+ 26. Rxd4
Rfb8 27. Ra1 Rb2+ 28. Kf3 a3 29. h3 a2 30. Rdd1 Ra3+ 31. Ke4 Rxg2 32. Ke5 Kg7
33. Kd6 Rxh3 34. f5 c5 35. fxg6 hxg6 36. Kxc5 Ra3 37. Kb4 Ra8 38. Kb3 g5 0-1

[Event "3. Open de Calviá 2006 Aficionados"]
[Site "Calvia ESP"]
[Date "2006.10.15"]
[Round "5.16"]
[White "Galiana, Juan Ramon"]
[Black "Rautanen, Sari"]
[Result "1/2-1/2"]
[WhiteElo "2291"]
[BlackElo "1925"]
[PlyCount "62"]
[EventDate "2006.10.20"]
[EventType "swiss"]
[EventRounds "9"]
[EventCountry "ESP"]
[Source "lmi"]
[SourceDate "2006.10.20"]

1. e4 d6 2. d4 Nf6 3. Nc3 e5 4. Nf3 Nbd7 5. h3 Be7 6. Be3 O-O 7. g4 c6 8. Bg2
b5 9. a3 Bb7 10. O-O a6 11. Qe2 Qc7 12. Nh4 g6 13. Bh6 Rfe8 14. d5 cxd5 15.
exd5 Qc4 16. Qd2 Nxg4 17. hxg4 Bxh4 18. g5 f5 19. Bf3 Rac8 20. Kg2 Qd4 21. Rad1
Qxd2 22. Rxd2 e4 23. Nxe4 fxe4 24. Bg4 Rcd8 25. Kh3 Ne5 26. Kxh4 Bc8 27. Be2
Bf5 28. Rd4 Rc8 29. c3 Nd3 30. f3 Nc5 31. fxe4 Rxe4+ 1/2-1/2

[Event "3. Open de Calviá 2006 Aficionados"]
[Site "Calvia ESP"]
[Date "2006.10.15"]
[Round "5.18"]
[White "Schenk Papke, Andres"]
[Black "De La Barrera M, Eduardo"]
[Result "0-1"]
[WhiteElo "2155"]
[BlackElo "2077"]
[PlyCount "129"]
[EventDate "2006.10.20"]
[EventType "swiss"]
[EventRounds "9"]
[EventCountry "ESP"]
[Source "lmi"]
[SourceDate "2006.10.20"]

1. Nf3 Nf6 2. c4 e6 3. g3 b6 4. Bg2 Bb7 5. O-O d5 6. b3 Be7 7. Bb2 Nbd7 8. d3
O-O 9. Nbd2 c5 10. Qc2 d4 11. e3 e5 12. exd4 cxd4 13. Rae1 Bd6 14. Re2 Qc7 15.
Rfe1 a5 16. a3 Rfe8 17. Ng5 Bxg2 18. Kxg2 Bf8 19. Nde4 Nxe4 20. Nxe4 Re6 21.
Qd2 Nc5 22. Ng5 Rg6 23. Nf3 Qc6 24. Rxe5 Rf6 25. Rd5 Nxb3 26. Qd1 a4 27. Kg1
Qc8 28. Nxd4 Qh3 29. Nf3 Rh6 30. Re4 Nc5 31. Rh4 Rxh4 32. Nxh4 Re8 33. Qf1 Qg4
34. Nf5 Qf3 35. Ne3 Nb3 36. Rg5 Qc6 37. Qg2 Qxg2+ 38. Kxg2 Bc5 39. Rd5 h6 40.
d4 Bf8 41. Rd7 Ra8 42. Rb7 Rd8 43. Nd5 Na5 44. Rc7 Bd6 45. Ra7 Nxc4 46. Bc1 b5
47. Nc3 Rb8 48. d5 Nxa3 49. Ne4 Nc4 50. Kf3 Rd8 51. Rb7 a3 52. Nxd6 Rxd6 53.
Rxb5 Ra6 54. Rb8+ Kh7 55. Rb1 a2 56. Ra1 Kg6 57. Be3 Kf6 58. Bd4+ Ke7 59. Ke2
f6 60. Kd3 Ne5+ 61. Bxe5 fxe5 62. Ke4 Kd6 63. h4 Ra4+ 64. Kd3 e4+ 65. Kc2 0-1

[Event "3. Open de Calviá 2006 Aficionados"]
[Site "Calvia ESP"]
[Date "2006.10.15"]
[Round "5.19"]
[White "Tanco Salas, Jesus Mara"]
[Black "Oliver Serrano, Angel"]
[Result "1-0"]
[WhiteElo "1995"]
[BlackElo "2153"]
[PlyCount "73"]
[EventDate "2006.10.20"]
[EventType "swiss"]
[EventRounds "9"]
[EventCountry "ESP"]
[Source "lmi"]
[SourceDate "2006.10.20"]

1. Nf3 Nf6 2. g3 g6 3. b3 Bg7 4. Bb2 d5 5. c4 c6 6. Bg2 O-O 7. O-O a5 8. d3 Na6
9. Nbd2 Bf5 10. a3 Re8 11. Qc2 Qc8 12. e4 dxe4 13. dxe4 Bh3 14. e5 Nh5 15. Rfe1
Bxg2 16. Kxg2 Nc7 17. Re4 Ne6 18. c5 Qc7 19. b4 axb4 20. axb4 Rxa1 21. Bxa1 Ra8
22. Bb2 Bh6 23. Nb3 Rd8 24. Nbd4 Nhg7 25. Rh4 Nxd4 26. Nxd4 Bg5 27. Rg4 Bh6 28.
f4 Rxd4 29. Bxd4 Nf5 30. Qxf5 Qd8 31. Qe4 Qa8 32. Bf2 e6 33. f5 Qa2 34. fxg6
hxg6 35. Rh4 Bg5 36. Rg4 Be7 37. Rf4 1-0

[Event "3. Open de Calviá 2006 Aficionados"]
[Site "Calvia ESP"]
[Date "2006.10.15"]
[Round "5.20"]
[White "Castell Cantero, Salvador"]
[Black "Loerke, Reinhard"]
[Result "1-0"]
[WhiteElo "2111"]
[BlackElo "2014"]
[PlyCount "74"]
[EventDate "2006.10.20"]
[EventType "swiss"]
[EventRounds "9"]
[EventCountry "ESP"]
[Source "lmi"]
[SourceDate "2006.10.20"]

1. d4 Nf6 2. c4 g6 3. Nc3 d5 4. Nf3 Bg7 5. Bf4 c6 6. e3 O-O 7. Bd3 dxc4 8. Bxc4
b5 9. Bd3 b4 10. Ne4 Nd5 11. Be5 f6 12. Bg3 a5 13. O-O Bg4 14. Rc1 e5 15. dxe5
fxe5 16. Be2 Bxf3 17. Bxf3 Ra7 18. Nc5 e4 19. Bxe4 Bxb2 20. Rc2 Bg7 21. Ne6 Qe7
22. Bxd5 Rd7 23. Nxf8+ Rxd5 24. Qf3 Rf5 25. Nxg6 hxg6 26. Qg4 Nd7 27. Rxc6 Nf8
28. Qc4+ Qf7 29. Qxf7+ Kxf7 30. e4 Rb5 31. f4 Bd4+ 32. Bf2 Ne6 33. f5 Nf4 34.
fxg6+ Ke7 35. Bxd4 Ne2+ 36. Kh1 Nxd4 37. Rf7+ Kd8 1-0

[Event "3. Open de Calviá 2006 Aficionados"]
[Site "Calvia ESP"]
[Date "2006.10.15"]
[Round "5.21"]
[White "Kitchlew, Andrew"]
[Black "Gilabert Mallol, Estanislau"]
[Result "1-0"]
[WhiteElo "2107"]
[BlackElo "1976"]
[PlyCount "39"]
[EventDate "2006.10.20"]
[EventType "swiss"]
[EventRounds "9"]
[EventCountry "ESP"]
[Source "lmi"]
[SourceDate "2006.10.20"]

1. d4 d5 2. Nf3 Bf5 3. e3 e6 4. a3 Nf6 5. Nbd2 Be7 6. Ne5 O-O 7. g4 Be4 8. f3
Bg6 9. h4 h5 10. g5 Nfd7 11. Nxg6 fxg6 12. Bh3 e5 13. Be6+ Kh7 14. Bxd5 c6 15.
Be4 exd4 16. f4 Ne5 17. fxe5 dxe3 18. Qxh5+ Kg8 19. Bxg6 exd2+ 20. Bxd2 1-0

[Event "3. Open de Calviá 2006 Aficionados"]
[Site "Calvia ESP"]
[Date "2006.10.16"]
[Round "6.1"]
[White "Ehsan, Ali"]
[Black "Lacrosse, Marc"]
[Result "0-1"]
[WhiteElo "2236"]
[BlackElo "2238"]
[PlyCount "82"]
[EventDate "2006.10.20"]
[EventType "swiss"]
[EventRounds "9"]
[EventCountry "ESP"]
[Source "lmi"]
[SourceDate "2006.10.20"]

1. e4 e5 2. Nf3 Nc6 3. d4 exd4 4. Bc4 Bc5 5. O-O d6 6. Ng5 Nh6 7. c3 O-O 8. h3
Qf6 9. Kh1 Be6 10. Be2 d5 11. exd5 Bxd5 12. Bd3 Nf5 13. Qg4 g6 14. cxd4 Bxd4
15. Bxf5 Qxf5 16. Qh4 h5 17. Nc3 Bxc3 18. bxc3 f6 19. Nf3 Bxf3 20. gxf3 Qxf3+
21. Kh2 Ne5 22. Bf4 Ng4+ 23. hxg4 Qxf4+ 24. Kg2 Qxg4+ 25. Qxg4 hxg4 26. Kg3 f5
27. Kf4 Rae8 28. Kg5 Kf7 29. Rad1 Rd8 30. Rb1 b6 31. Rh1 Rh8 32. Rbd1 Rxh1 33.
Rxh1 Rd2 34. Rh7+ Ke6 35. Rxc7 Rxf2 36. Kh4 Rxa2 37. Rc6+ Ke5 38. Kg3 Rd2 39.
Rxg6 Rd3+ 40. Kf2 Rxc3 41. Rg8 Kf4 0-1

[Event "3. Open de Calviá 2006 Aficionados"]
[Site "Calvia ESP"]
[Date "2006.10.16"]
[Round "6.2"]
[White "Babataeva, Indira"]
[Black "Vrban, Mladen"]
[Result "1/2-1/2"]
[WhiteElo "2194"]
[BlackElo "2297"]
[PlyCount "51"]
[EventDate "2006.10.20"]
[EventType "swiss"]
[EventRounds "9"]
[EventCountry "ESP"]
[Source "lmi"]
[SourceDate "2006.10.20"]

1. e4 c5 2. Nf3 b6 3. d4 cxd4 4. Nxd4 Bb7 5. Nc3 a6 6. Be2 e6 7. a3 Qc7 8. O-O
Nf6 9. Bf3 Nc6 10. Nxc6 Bxc6 11. Re1 Bd6 12. Nd5 Bxd5 13. exd5 Bxh2+ 14. Kh1
Rc8 15. Bg5 Be5 16. c3 h6 17. Bxf6 gxf6 18. Qe2 Qc4 19. Qxc4 Rxc4 20. g3 a5 21.
Kg2 Ke7 22. Rad1 h5 23. Be2 Rc5 24. Rh1 Rxd5 25. Rxd5 exd5 26. Bxh5 1/2-1/2

[Event "3. Open de Calviá 2006 Aficionados"]
[Site "Calvia ESP"]
[Date "2006.10.16"]
[Round "6.3"]
[White "Barcelo, Pedro"]
[Black "Skorna, Ullrich"]
[Result "1/2-1/2"]
[WhiteElo "2261"]
[BlackElo "2098"]
[PlyCount "60"]
[EventDate "2006.10.20"]
[EventType "swiss"]
[EventRounds "9"]
[EventCountry "ESP"]
[Source "lmi"]
[SourceDate "2006.10.20"]

1. Nf3 d5 2. d4 e6 3. g3 Nf6 4. Bg2 c5 5. O-O cxd4 6. Nxd4 Bc5 7. Nb3 Bb6 8. c4
a6 9. Nc3 dxc4 10. Qxd8+ Bxd8 11. Nd2 O-O 12. Nxc4 Bc7 13. Rd1 Nc6 14. Bg5 h6
15. Bxf6 gxf6 16. Bxc6 bxc6 17. Ne4 f5 18. Ned6 Rd8 19. b3 a5 20. Nxc8 Raxc8
21. Rac1 Kf8 22. Nb2 Rxd1+ 23. Rxd1 Ke7 24. Kg2 Rb8 25. Rc1 Kd7 26. Rc4 Bd6 27.
Nd3 Rb5 28. Nf4 Be5 29. Nd3 Bd6 30. Nf4 Be5 1/2-1/2